| 000 | 01520nam a2200229 a 4500 | ||
|---|---|---|---|
| 001 | BS0003727 | ||
| 003 | BR-BrBNA | ||
| 005 | 20230418192408.0 | ||
| 008 | 230308b |||||||| |||| 00| 0 por d | ||
| 040 |
_aBR-BrBNA _bpor _cBiblioteca Nacional de Agricultura |
||
| 041 | _apor | ||
| 072 | _aD11 | ||
| 090 | _aD11 BS0003727 | ||
| 100 | 1 | _aAvritzer, Leonardo (org.) | |
| 245 | 1 | _aExperiências nacionais de participação social / | |
| 260 | 3 |
_aSão Paulo, SP: _bCortez, _c2009. |
|
| 300 | _a159 p. | ||
| 520 | 3 | _aO livro Experiências Nacionais de Participação Social é uma iniciativa do PRODEP - Projeto Democracia Participativa, um núcleo de pesquisas, ensino e extensão vinculado ao Departamento de Ciência Política da UFMG. O objetivo do livro é aprofundar a discussão acadêmica sobre a democracia no Brasil, entendendo que a participação e representação são elementos essenciais da democracia brasileira. Os temas tratados são republicanismo; pensamento social brasileiro; participação da juventude e participação no governo federal. Pretendemos apresentar ao leitor uma visão aprofundada dos problemas e potencialidades da democracia vista através desses diferentes temas. A obra apresenta, de forma inovadora, três perspectivas de análise da participação no governo federal. A primeira elaborada por intelectuais; a segunda; por membros do governo; e a terceira, pela sociedade civil. | |
| 650 | _aADMINISTRAÇÃO PÚBLICA | ||
| 909 |
_a202304 _bSergio Santos _c56 _dSergio Santos |
||
| 942 | _cBK | ||
| 999 |
_c8789 _d8789 |
||